अविश्वसनिय (Record no. 438165)

MARC details
000 -LEADER
fixed length control field 00427nam a2200145Ia 4500
008 - FIXED-LENGTH DATA ELEMENTS--GENERAL INFORMATION
fixed length control field 100122s9999 xx 000 0 und d
082 ## - DEWEY DECIMAL CLASSIFICATION NUMBER
Item number 64752
Classification number 823.08
100 ## - MAIN ENTRY--PERSONAL NAME
Personal name परांजपे अभय
245 ## - TITLE STATEMENT
Title अविश्वसनिय
260 ## - PUBLICATION, DISTRIBUTION, ETC. (IMPRINT)
Name of publisher, distributor, etc गीता एजन्सीज
Date of publication, distribution, etc 2003
300 ## - PHYSICAL DESCRIPTION
Extent 181
630 ## - SUBJECT ADDED ENTRY--UNIFORM TITLE
Uniform title अविश्वसनिय
730 ## - ADDED ENTRY--UNIFORM TITLE
Uniform title अविश्वसनिय
942 ## - ADDED ENTRY ELEMENTS (KOHA)
Koha item type Book
Holdings
Withdrawn status Lost status Damaged status Not for loan Home library Current library Date acquired Cost, normal purchase price Total Checkouts Full call number Barcode Date last seen Cost, replacement price Price effective from Koha item type Public note
        S.V. Pathak Library, Vile Parle S.V. Pathak Library, Vile Parle 04/03/2004 160.00   64752 SVPPARLE-64752 01/25/2010 160.00 01/25/2010 Book General NA